| 000 | 00569nam a2200181Ia 4500 | ||
|---|---|---|---|
| 003 | GCL | ||
| 008 | 140319s9999 xx 000 0 ara d | ||
| 040 |
_aGCL / _cGCL |
||
| 082 | 0 | 4 |
_a822.008 _bو ب |
| 100 | 1 | _aوايلدر, ثورنتون | |
| 245 | 1 | 0 |
_aبلدتنا / _cوايلدر, ثورنتون |
| 700 | 1 | _aمحمد اسماعيل الموافى | |
| 300 | _a176 ص | ||
| 490 |
_aمسرحيات عالمية _v0 |
||
| 650 | 0 | 4 | _aالادب الامريكى المترجم |
| 650 | 0 | 4 | _aالمسرحيات الامريكية المترجمة |
| 942 |
_2ddc _cBK |
||
| 999 |
_c46982 _d46982 |
||